Online
Catalog

El país más viejo del mundo : (Record no. 4039)

MARC details
000 -CABECERA
campo de control de longitud fija 00612cam a2200181 a 4500
001 - NÚMERO DE CONTROL
campo de control 000004225
005 - FECHA Y HORA DE LA ÚLTIMA TRANSACCIÓN
campo de control 20200929151420.0
008 - DATOS DE LONGITUD FIJA--INFORMACIÓN GENERAL
campo de control de longitud fija 840302s1964 mx 001 e spa
040 ## - FUENTE DE LA CATALOGACIÓN
Centro catalogador/agencia de origen DO-SdBNP
Lengua de catalogación spa
Centro/agencia transcriptor BNPHU
082 ## - NÚMERO DE LA CLASIFICACIÓN DECIMAL DEWEY
Número de clasificación 814.54
Número de documento/Ítem P584p
100 1# - ENTRADA PRINCIPAL--NOMBRE DE PERSONA
Nombre de persona Piazza, Luis Guillermo
9 (RLIN) 12483
245 13 - MENCIÓN DE TÍTULO
Título El país más viejo del mundo :
Resto del título ensayo de interpretación de la experiencia norteamericana /
Mención de responsabilidad, etc. Luis Guillermo Piazza.
260 ## - PUBLICACIÓN, DISTRIBUCIÓN, ETC.
Lugar de publicación, distribución, etc. México :
Nombre del editor, distribuidor, etc. Joaquín Mortiz,
Fecha de publicación, distribución, etc. 1964.
300 ## - DESCRIPCIÓN FÍSICA
Extensión 228 p. ;
Dimensiones 18 cm.
440 #0 - MENCIÓN DE SERIE/PUNTO DE ACCESO ADICIONAL--TÍTULO
Título Volador
9 (RLIN) 12484
650 #4 - PUNTO DE ACCESO ADICIONAL DE MATERIA--TÉRMINO DE MATERIA
Término de materia o nombre geográfico como elemento de entrada Ensayos estadounidense
9 (RLIN) 12485
650 #4 - PUNTO DE ACCESO ADICIONAL DE MATERIA--TÉRMINO DE MATERIA
Término de materia o nombre geográfico como elemento de entrada Literatura estadounidense
9 (RLIN) 263
Holdings
Estado de retiro Estado de pérdida Restricciones de uso No para préstamo Código de colección Localización permanente Ubicación/localización actual Ubicación en estantería Fecha de adquisición Número de inventario Total de préstamos Signatura topográfica completa Código de barras Fecha visto por última vez Precio válido a partir de Tipo de ítem Koha
    Préstamo interno   Monografías: Libros y Folletos General General Depósito 20.07.2009 LF1   814.54 P584p 4225-10 25.06.2020 25.06.2020 Préstamo interno

Powered by Koha